000 01490ngm a22003730a 4500
001 PT43893
003 AR-LpoUNG
005 20210201235944.0
007 vd cvaizq
008 191001s[201||||ag |||||||||||||||||spa d
040 _aAR-LpoUNG
_bspa
_cAR-LpoUNG
_eaacr
041 _aspa
044 _aag
082 0 _a302.1 617v9
100 1 _aBirri, Fernando
_edir.
245 1 0 _aRafael Alberti, un retrato del poeta
260 _aRosario :
_bISCAA - ATE,
_c[2011].
300 _aDVD (120 min.) : son., col.
505 0 _aHecha en 1983. Italia - Guión: Fernando Birri. - Producción: Settimio Presutto. - Fotografía: Gualtiero Manozzi. - Edición: Fernando Birri, Alfredo Muschietti, Settimio Presutto. - Música: Cristóbal Halffter. - Sonido: Remo Belli
520 _aRetrato del poeta español en Trastevere, Roma, a los 80 años. Habla de su infancia y adolescencia, de la generación del 27 y de la Guerra Civil Española; del exilio en Francia, Argentina e Italia y de su retorno a España después del franquismo. En su recuento surgen las personalidades más importantes de la cultura de este siglo: Picasso, Neruda, Aragón, Lorca, Dalí, Buñuel, Brecht.
650 4 _aARGENTINA
650 4 _aARTE
650 4 _aCULTURA
650 4 _aITALIA
650 4 _aPOBREZA
650 4 _aPROBLEMAS SOCIALES
651 4 _aArgentina
653 _aCINE ARGENTINO
653 _aDOCUMENTALES
653 _aDVD
653 _aVIDEOS
905 _a43893
942 _cDVD
999 _c53840
_d53840